| 000 | 00385 a2200169 4500 | ||
|---|---|---|---|
| 003 | OSt | ||
| 005 | 20180116182638.0 | ||
| 008 | 160428b xxu||||| |||| 00| 0 eng d | ||
| 020 | _a813170727x | ||
| 040 | _c0 | ||
| 100 | _aJohn E. | ||
| 245 | _aThe quality improvement hand book. | ||
| 250 | _a2nd | ||
| 260 |
_aIndia _c2006 |
||
| 300 | _a217 | ||
| 942 |
_aNBS _cBK _k658.562 BAU _2ddc |
||
| 999 |
_c343310 _d343310 |
||